|
|
|
|
| LEADER |
00000nab a2200000 a 4500 |
| 001 |
vtls010191470 |
| 003 |
SK-MaSNL |
| 005 |
20260304154949.0 |
| 008 |
250507c2010 xo ||||||||||||00 b|slo |
| 015 |
|
|
|a SNBRB2010/11
|2 snkbucl
|
| 035 |
|
|
|a (uuid)e4aa92f7-96ff-4dd9-8118-43b08a2286ef
|
| 035 |
|
|
|a urn:nbn:sk:snk-abeuya
|
| 035 |
|
|
|a (urnnbn)urn:nbn:sk:snk:ar-000j6q
|
| 038 |
|
|
|a SNKBUCL
|
| 040 |
|
|
|a SNKBUCL
|b slo
|c SNKBUCL
|e AACR2
|
| 041 |
0 |
|
|a slo
|
| 044 |
|
|
|a xo
|c SK
|
| 080 |
|
|
|a 821.162.4-31
|2 2001
|
| 100 |
1 |
|
|a Markušová, Marína
|4 aut
|9 265356
|
| 245 |
1 |
0 |
|a Mŕtva Lolita, dobrá Lolita
|c Marína Markušová
|
| 300 |
|
|
|b Fotogr.
|
| 650 |
0 |
7 |
|a slovenské romány
|2 SNKPH
|9 103163
|
| 655 |
|
7 |
|a úryvky
|2 SNKPH
|9 84604
|
| 773 |
0 |
|
|t Slovenské pohľady
|g Roč. IV.+126., č. 10 (2010), s. 82-98
|x 1335-7786
|
| 850 |
|
|
|a Slovenská národná knižnica
|
| 852 |
|
|
|a Slovenská národná knižnica
|
| 958 |
|
|
|a article27
|
| 958 |
|
|
|a LX
|
| 958 |
|
|
|a SK
|
| 958 |
|
|
|a OND
|
| 958 |
|
|
|a EUIPO
|
| 999 |
|
|
|c 2960113
|d 2962043
|